The illustrated dictionary of Ancient Egypt

محفوظ في:

المؤلف الرئيسي: Ian Shaw

مؤلفون آخرون: , Paul Nicholson, British Museum

التنسيق: كتاب

اللغة: Undetermined

منشور في: Cairo American University in Cairo Press, , 2008

الموضوعات:

الوسوم: إضافة وسم

لا توجد وسوم, كن أول من يضع وسما على هذه التسجيلة!

رقم الطلب: (NF) DT58 .S54

LEADER 00761nam a2200181Ia 4500
008 221002s9999||||xx |||||||||||||| ||und||
020 |a 9774162269 
050 4 |a (NF) DT58 .S54 
100 1 |a Ian Shaw 
245 1 4 |a The illustrated dictionary of Ancient Egypt 
264 1 |a Cairo  |b American University in Cairo Press, ,   |c 2008 
300 |a 368p.  |b 368 pages : color illustrations, maps, plans  |c 29cm. 
504 |a  "This edition published by arrangement with the British Museum press."--Title page verso Includes index 
650 4 |a Antiquities Civilization Dictionaries 
700 1 |a , Paul Nicholson, British Museum 
942 |2 lcc  |c BK 
952 |0 0  |1 0  |2 lcc  |4 0  |7 1  |9 43010  |a ARCE  |b ARCE  |d 2022-10-02  |l 0  |o (NF) DT58 .S54  |r 2022-10-02 00:00:00  |w 2022-10-02  |y BK 
999 |c 49566  |d 49566